Victorian detective fiction and the nature of evidence : the scientific investigations of Poe, Dickens and Doyle

Αποθηκεύτηκε σε:
Λεπτομέρειες βιβλιογραφικής εγγραφής
Κύριος συγγραφέας: Frank, Lawrence 1933-
Μορφή: Βιβλίο
Γλώσσα:English
Δημοσίευση: Basingstoke : Palgrave Macmillan, [c2003]
Σειρά:Palgrave studies in nineteenth-century writing and culture
Θέματα:
Ετικέτες: Προσθήκη ετικέτας
Δεν υπάρχουν, Καταχωρήστε ετικέτα πρώτοι!

MARC

LEADER 00000nam a2200000 i 4500
001 1/58559
008 071012s2003 eng d
020 |a 1-4039-1139-8 (hbk.) 
035 |l 10091509 
040 |a GR-MY-UA  |b gre  |e aacr 
041 0 |a eng 
082 0 |a 823.08720908  |2 (22) 
100 1 |a Frank, Lawrence  |d 1933- 
245 1 0 |a Victorian detective fiction and the nature of evidence :  |b the scientific investigations of Poe, Dickens and Doyle /  |c Lawrence Frank 
260 |a Basingstoke :   |b Palgrave Macmillan,   |c [c2003] 
300 |a 249 σ.;  |c 21 εκ. 
490 1 |a Palgrave studies in nineteenth-century writing and culture 
504 |a Περιλαμβάνει βιβλιογραφίες και ευρετήριο 
600 1 0 |a Dickens Charles  |d 1812-1870  |x Criticism and intepretation. 
600 1 0 |a Poe, Edgar Allan,   |d 1809-1849  |x Fictional works. 
600 1 0 |a Doyle Arthur Conan  |c Sir  |d 1859-1930  |x Characters  |x Sherlock Holmes. 
650 0 0 |a Literature and science  |z Great Britain  |x History  |y 19th century. 
650 0 0 |a Detective and mystery stories, American. 
650 0 0 |a Detective and mystery stories, English. 
650 0 0 |a English fiction  |y 19th century  |x History and criticism. 
650 0 0 |a Forensic sciences  |z Great Britain  |x History  |y 19th century. 
650 0 0 |a Evidence, Criminal. 
650 0 0 |a Holmes, Sherlock (Fictitious character)  |x Fiction. 
830 0 |a Palgrave studies in nineteenth-century writing and culture 
852 |a INST  |b RHODES  |e 20071012  |h 823.08720908 FRA  |p 005400025496  |q 005400025496  |t BK  |y 0 
901 |a BIBL4-2007-3 
909 |a Ρ  |b 139135 
922 |a 4ΕΛΗ  |b 200709  |c ΕΠΕΑΕΚ2/ΠΤΔΕ  |d ΕΛΕΥΘΕΡΟΥΔΑΚΗΣ 
970 |a ΚΟΖΑ  |b ΜΑΡΙΑ  |z 2007/10/12